El desnudo perdido (Record no. 16556)

MARC details
000 -LEADER
campo de control de longitud fija 00855nam a2200265 i 4500
001 - NÚMERO DE CONTROL
campo de control 16556
003 - IDENTIFICADOR DE NÚMERO DE CONTROL
campo de control ES-MaACL
005 - FECHA Y HORA DE LA ÚLTIMA TRANSACCIÓN
campo de control 20250605114219.0
007 - CAMPO FIJO DE DESCRIPCIÓN FÍSICA--INFORMACIÓN GENERAL
campo de control de longitud fija t|
008 - DATOS DE LONGITUD FIJA--INFORMACIÓN GENERAL
campo de control de longitud fija 001017s1995 sp c |||| | spa j
020 ## - NÚMERO INTERNACIONAL ESTÁNDAR DEL LIBRO
Número Internacional Estándar del Libro 84-7517-437-X
080 ## - NÚMERO DE LA CLASIFICACIÓN DECIMAL UNIVERSAL
Número de la Clasificación Decimal Universal 840-14"19"
100 1# - ENTRADA PRINCIPAL--NOMBRE DE PERSONA
Nombre de persona Char, René.
9 (RLIN) 38053
245 13 - MENCIÓN DEL TÍTULO
Título El desnudo perdido
Resto del título = (Le nu perdu) /
Mención de responsabilidad, etc. René Char ; prólogo de Albert Camus ; traducción y notas de Jorge Riechmann.
250 ## - MENCION DE EDICION
Mención de edición Ed. bilingüe.
260 ## - PUBLICACIÓN, DISTRIBUCIÓN, ETC.
Lugar de publicación, distribución, etc. Madrid :
Nombre del editor, distribuidor, etc. Hiperión,
Fecha de publicación, distribución, etc. [1995]
300 ## - DESCRIPCIÓN FÍSICA
Extensión 187 p. :
Otras características físicas 1 retr. ;
Dimensiones 20 cm.
490 1# - MENCIÓN DE SERIE
Mención de serie Poesía Hiperión ;
Designación de volumen o secuencia 243
546 ## - NOTA DE IDIOMA
Nota de lengua/lenguaje Texto en francés y traducción en español.
700 1# - ENTRADA AGREGADA--NOMBRE PERSONAL
Nombre de persona Riechmann, Jorge.
9 (RLIN) 97073
700 1# - ENTRADA AGREGADA--NOMBRE PERSONAL
Nombre de persona Camus, Albert,
Fechas asociadas al nombre 1913-1960
9 (RLIN) 240798
830 0# - PUNTO DE ACCESO ADICIONAL DE SERIE-TÍTULO UNIFORME
Título uniforme Poesía Hiperión ;
Designación de volumen o secuencia 243
9 (RLIN) 177326
852 ## - LOCALIZACIÓN
Ubicación ES-MaACL
Número de control de estantería L-23723
Holdings
Estatus retirado Estado de pérdida Estado de daño No para préstamo Biblioteca de origen Biblioteca actual Ubicación en estantería Fecha de adquisición Fuente de adquisición Total de préstamos Signatura topográfica completa Código de barras Visto por última vez Precio de reemplazo Tipo de ítem Koha
        Biblioteca del Ateneo de Madrid Biblioteca del Ateneo de Madrid Depósito 2 17/01/2008     L-23723 1016818 23/02/2023 23/02/2023 Libro impreso